00658 2200193 4500001002100000005001500021035002000036007000300056008004100059020002200100082001000122084001400132100001800146245016900164260004500333300003600378650002000414520003000434INLIS00000000000153920180212030145 a0010-0218000134ta180212 0 ind  a978-602-03-1069-6 a338.6 a338.6 THE0 aOSKAR, Swardi1 aThe Sum Is Greater Than the Parts :bMelipatgandakan Kemakmuran di Indonesia Melalui Integrasi Lokal dan Global /cHarvard Kennedy School; alih bahasa, Oskar Swardi aJakarta :bGramedia Pustaka Utama,c2014 alxx, 287 hlm. :bilus. ;c22 cm aPOLITIK EKONOMI abibliografi: hlm. 247-287